<The> International role of the Euro

Euro a jeho postavenie v globálnom menovom systéme. Faktory naplnenia potenciálu Eura ako hlavnej globálnej meny v porovnaní s USD. Eurosystém, Európska menová únia, Európska centrálna banka, fiškálna a monetárna politika Únie, a ich dopady na výkonnosť Eura. Výhody politickej integrácie pre Euro.

Gespeichert in:
Bibliographische Detailangaben
1. Verfasser: Chaparro, Alejandro Garcia
Format: Buchkapitel
Sprache:Englisch
Schlagworte:
Tags: Tag hinzufügen
Keine Tags, Fügen Sie das erste Tag hinzu!

MARC

LEADER 00000nla a2200000 4500
001 0188934
005 20240502073209.2
041 0 |a eng 
044 |a SK 
245 1 0 |a <The> International role of the Euro  |c Alejandro Chaparro 
520 |a Euro a jeho postavenie v globálnom menovom systéme. Faktory naplnenia potenciálu Eura ako hlavnej globálnej meny v porovnaní s USD. Eurosystém, Európska menová únia, Európska centrálna banka, fiškálna a monetárna politika Únie, a ich dopady na výkonnosť Eura. Výhody politickej integrácie pre Euro. 
610 2 0 |a trh finančný 
610 2 0 |a euro 
610 2 0 |a Európska únia 
610 2 0 |a dolár 
610 2 0 |a systém menový 
100 1 |a Chaparro, Alejandro Garcia